| 000 | 00504nam a2200169 a 4500 | ||
|---|---|---|---|
| 001 | 000016296 | ||
| 005 | 20200929164346.0 | ||
| 008 | 100303s1974 dr 000 0 spa d | ||
| 040 |
_aDO-SdBNP _bspa _cBNPHU |
||
| 082 |
_axxx _bM539 |
||
| 100 | 1 |
_aMendoza, Hugo R. _96390 |
|
| 245 | 1 | 0 |
_aManual para internos y residentes en pedriatría / _cHugo R. Mendoza. |
| 260 |
_aSanto Domingo : _bMédico Dominicano, _c1974. |
||
| 300 |
_a239 p. ; _c18 cm. |
||
| 500 | _aIncluye índice alfabético | ||
| 049 | _aBNPD | ||
| 999 |
_c15831 _d15831 |
||